[Event "WIO (Open)"]
[Site "Caldwell, ID"]
[Date "2008.05.24"]
[Round "1.3"]
[White "Ong, Chong-Jin"]
[Black "Kern, Joshua William"]
[Result "1-0"]
[WhiteElo "1509"]
[BlackElo "1199"]

1. e4 c5 2. Nc3 Nc6 3. f4 d6 4. Nf3 Bg4 5. Bb5 Qc7 6. d3 e6 7. O-O Nf6 8. Qe1
O-O-O 9. Bxc6 Qxc6 10. a3 Nd7 11. Bd2 g6 12. Ng5 f5 13. Nf7 Bg7 14. Nxd8 Rxd8
15. Rb1 c4 16. Kh1 d5 17. exd5 exd5 18. dxc4 dxc4 19. Qf2 Nc5 20. Rfe1 Nd3 21.
cxd3 Rxd3 22. Be3 Bf6 23. Red1 Bh3 24. Rxd3 cxd3 25. Qf3 Bg4 26. Qxc6+ bxc6
27. Kg1 c5 28. Kf2 a6 29. Ke1 c4 30. Kd2 Bxc3+ 31. Kxc3 Be2 32. Kd2 Kb7 33.
Rc1 Kc6 34. Rxc4+ Kd6 35. Ra4 Kd5 36. b3 Bf1 37. Ra5+ {#r} 1-0

[Event "WIO (Open)"]
[Site "Caldwell, ID"]
[Date "2008.05.24"]
[Round "2.1"]
[White "Kircher, Caleb Paul"]
[Black "Ong, Chong-Jin"]
[Result "0-1"]
[WhiteElo "1447"]
[BlackElo "1509"]

1. f4 g6 2. Nf3 Nf6 3. b3 Bg7 4. Bb2 O-O 5. e3 c5 6. Be2 Nc6 7. O-O a6 8. d3
d5 9. Ne5 d4 10. Nxc6 bxc6 11. e4 e5 12. Nd2 exf4 13. Rxf4 a5 14. a4 Be6 15.
Ba3 Qd6 16. Rf1 Nd7 17. Bg4 Be5 18. h3 Bg7 19. Bxe6 Qxe6 20. Nc4 Qe7 21. Qd2
Qd8 22. Rae1 Re8 23. Rf3 Ne5 24. Nxe5 Rxe5 25. Ref1 Ra7 26. Qf2 Bh6 27. Bc1
Bxc1 28. Rxc1 Qg5 29. Rf1 Ree7 30. Rf4 Qe5 31. Rf6 Rec7 32. Qf4 Qxf4 33. R1xf4
Rab7 34. e5 Rb8 35. e6 fxe6 36. Rxe6 Kg7 37. Re5 c4 38. dxc4 d3 39. cxd3 Rxb3
40. Rxa5 Rxd3 41. Ra6 c5 42. Ra5 Rd4 43. Rxd4 cxd4 44. c5 d3 45. Rb5 d2 46.
Rb1 Rxc5 47. Kf2 Rc1 48. Rb7+ Kh6 49. Rd7 d1=Q 50. Rxd1 Rxd1 51. Ke2 Ra1 {#R}
0-1

[Event "WIO (Open)"]
[Site "Caldwell, ID"]
[Date "2008.05.24"]
[Round "3.1"]
[White "Ong, Chong-Jin"]
[Black "Patterson, Emily N"]
[Result "1-0"]
[WhiteElo "1509"]
[BlackElo "1413"]

1. e4 e6 2. d4 d5 3. Nc3 Bb4 4. e5 c5 5. Bd2 Qc7 6. Nb5 Bxd2+ 7. Qxd2 Qc6 8.
Nd6+ Ke7 9. Qg5+ f6 10. Qxg7+ Kd8 11. Qxh8 cxd4 12. Qxg8+ Kd7 13. Bb5 fxe5 14.
Bxc6+ bxc6 15. Qxc8+ Kxd6 16. Qb7 {#r} 1-0

[Event "Idaho Closed"]
[Site "Twin Falls, ID"]
[Date "2009.02.14"]
[Round "1.6"]
[White "Ong, Chong-Jin"]
[Black "Ye, Michael"]
[Result "1-0"]
[WhiteElo "1650"]
[BlackElo "1055"]

1. e4 e5 2. Nf3 Nc6 3. d4 exd4 4. Bc4 Nf6 5. O-O Bc5 6. e5 d5 7. Bb5 Ne4 8.
Nxd4 Bxd4 9. Qxd4 O-O 10. Bxc6 bxc6 11. f3 Ba6 12. Re1 Ng5 13. Bxg5 Qxg5 14.
Nc3 Rfe8 15. Na4 Bc8 16. Nc5 Bh3 17. Re2 h5 18. c3 f6 19. e6 Re7 20. Kf1 Bf5
21. Kf2 Rae8 22. Rae1 h4 23. Qa4 Kh7 24. Qxa7 Qf4 25. Kg1 h3 26. Qa4 Qxa4 27.
Nxa4 hxg2 28. Kxg2 Bxe6 29. Kf2 Kg6 30. Nc5 Kf7 31. Nxe6 Rxe6 32. Rxe6 Rxe6
33. Rxe6 Kxe6 34. Ke3 g5 35. b4 Kd6 36. Kd4 Kd7 37. a4 Kc8 38. Kc5 Kb7 39. h3
Ka6 40. Kxc6 f5 41. Kxc7 f4 42. Kc6 g4 43. hxg4 Ka7 44. Kc7 d4 45. cxd4 Ka6
46. g5 Ka7 47. g6 Ka8 48. g7 Ka7 49. g8=Q Ka6 50. Qa8# 1-0

[Event "Idaho Closed"]
[Site "Twin Falls, ID"]
[Date "2009.02.14"]
[Round "2.6"]
[White "Dominick, Matthew Thomas"]
[Black "Ong, Chong-Jin"]
[Result "0-1"]
[WhiteElo "1274"]
[BlackElo "1589"]

1. Nf3 c5 2. b3 g6 3. Bb2 Nf6 4. g4 Bg7 5. g5 Nh5 6. Bxg7 Nxg7 7. e4 d6 8. Nc3
Nc6 9. d4 Bg4 10. d5 Nd4 11. Bg2 Nh5 12. h3 Qa5 13. hxg4 Qxc3+ 14. Kf1 Nf4 15.
Nxd4 cxd4 16. Rc1 Rc8 17. Qf3 Qxf3 18. Bxf3 Rc3 19. Bd1 Kf8 20. Rh2 Kg7 21. f3
Rhc8 22. Rd2 d3 23. Kf2 e5 24. dxe6 fxe6 25. Ke3 e5 26. Kf2 a5 27. Kg3 b5 28.
Kf2 a4 29. Kf1 axb3 30. axb3 Rxb3 31. cxb3 Rxc1 32. Kf2 b4 33. Ke3 Ra1 34. Kf2
Kf7 35. Ke3 Ke6 36. Kf2 Kd7 37. Ke3 Kc6 38. Kf2 Kb5 39. Ke1 Kc5 40. Rb2 Kd4
41. Kd2 Ng2 42. Bc2 dxc2 43. Rxc2 Ne3 44. Rb2 Rh1 45. f4 exf4 46. e5 Rh2+ 47.
Ke1 Rxb2 48. exd6 Kd3 49. d7 Re2# 0-1

[Event "Idaho Closed"]
[Site "Twin Falls, ID"]
[Date "2009.02.15"]
[Round "4.2"]
[White "Parsons, Larry R"]
[Black "Ong, Chong-Jin"]
[Result "1/2-1/2"]
[WhiteElo "2015"]
[BlackElo "1589"]

1. c4 c5 2. g3 Nc6 3. Bg2 Nf6 4. Nc3 g6 5. e4 Bg7 6. Nge2 d6 7. O-O O-O 8. d3
Bd7 9. h3 a6 10. Rb1 Rb8 11. a3 b5 12. cxb5 axb5 13. b4 cxb4 14. axb4 Ne8 15.
Kh2 Nd4 16. Be3 Nxe2 17. Nxe2 Rc8 18. Qd2 d5 19. exd5 Nd6 20. Bd4 Nf5 21. Bxg7
Kxg7 22. Qb2+ Kg8 23. Nd4 Nxd4 24. Qxd4 Rc2 25. Rbc1 Rxc1 26. Rxc1 Qb8 27. Re1
Qd6 28. Ra1 Rc8 29. Ra7 Rc7 30. Ra8+ Rc8 31. Ra7 Rc7 32. Bf3 Rxa7 33. Qxa7 h5
34. Qc5 Kg7 35. Qxd6 exd6 36. g4 h4 37. Be2 {#d} 1/2-1/2

[Event "Idaho Closed"]
[Site "Twin Falls, ID"]
[Date "2009.02.16"]
[Round "5.2"]
[White "Ong, Chong-Jin"]
[Black "Douglas, Kurt P"]
[Result "1/2-1/2"]
[WhiteElo "1589"]
[BlackElo "107"]

1. e4 c5 2. Nc3 d6 3. f4 Nc6 4. Nf3 e6 5. Bb5 Bd7 6. Bc4 a6 7. d3 Be7 8. O-O
b5 9. Bb3 Na5 10. Qe1 Nxb3 11. axb3 h6 12. Qg3 g6 13. Bd2 Nf6 14. Ne2 d5 15.
exd5 Nxd5 16. Ne5 Bf6 17. Qe1 Bg7 18. Ng3 Qc7 19. Nxd7 Kxd7 20. c3 Rhe8 21.
Qf2 f5 22. Qf3 Qd6 23. c4 Nc7 24. Bc3 Bd4+ 25. Kh1 b4 26. Bxd4 Qxd4 27. Rab1
e5 28. Ne2 Qd6 29. d4 exd4 30. Rfd1 Qc6 31. Nxd4 Qxf3 32. Nxf3+ Ke6 33. Re1+
Kf6 34. Ne5 Rad8 35. Rbd1 Rxd1 36. Rxd1 Ne6 37. Rd6 a5 38. g3 Ra8 39. Nxg6 Rd8
40. Rxd8 Nxd8 41. Ne5 Ke7 42. Kg2 h5 43. Kh3 Ne6 44. Nd3 Kf6 45. Kg2 Kg6 46.
Ne5+ Kf6 47. Nd3 Kg6 {#d} 1/2-1/2

[Event "Idaho Closed"]
[Site "Twin Falls, ID"]
[Date "2009.02.16"]
[Round "6.4"]
[White "Anderson, Mark"]
[Black "Ong, Chong-Jin"]
[Result "1/2-1/2"]
[WhiteElo "1620"]
[BlackElo "1589"]

1. Nf3 c5 2. c4 g6 3. g3 Bg7 4. Nc3 Nc6 5. Bg2 Nf6 6. O-O O-O 7. Rb1 d6 8. d3
Bd7 9. a3 Rb8 10. Bd2 a6 11. b4 cxb4 12. axb4 b5 13. c5 dxc5 14. bxc5 b4 15.
Na2 a5 16. e4 Be6 17. Qa4 Bd7 18. Qd1 Be6 19. Qa4 Bd7 20. Qd1 Be6 {#d} 1/2-1/2

[Event "Sumr Classic (Open)"]
[Site "Boise, ID"]
[Date "2010.06.26"]
[Round "1.7"]
[White "Edvalson, Paul F"]
[Black "Ong, Chong-Jin"]
[Result "0-1"]
[WhiteElo "1186"]
[BlackElo "1658"]

1. e4 c6 2. Nc3 d5 3. Nf3 Bg4 4. h3 Bxf3 5. Qxf3 e6 6. b3 d4 7. Ne2 e5 8. Bb2
Nf6 9. c3 c5 10. g4 h6 11. cxd4 cxd4 12. Ng3 Nc6 13. Bc4 a6 14. a4 Na5 15. Be2
Qb6 16. Bd1 Nc4 17. Bc1 Nd6 18. O-O Be7 19. d3 O-O 20. Kh2 Nd7 21. Nf5 Nxf5
22. gxf5 Bf6 23. Rg1 Kh7 24. Ba3 Rfe8 25. Qh5 Rf8 26. Bxf8 Rxf8 27. Rc1 Nc5
28. Qe2 Bg5 29. Rb1 Bf4+ 30. Kh1 Qf6 31. Qh5 Nxd3 32. Qf3 Nb4 33. Be2 Rd8 34.
Rbd1 Rc8 35. Bc4 b5 36. axb5 axb5 37. Bxb5 Rc3 38. Qh5 Qb6 39. Bc4 Qf6 40. Rg2
g6 41. fxg6+ fxg6 42. Qg4 h5 43. Qd7+ Kh6 44. Qe6 Qxe6 45. Bxe6 d3 46. Rdg1 g5
47. h4 g4 48. Bxg4 hxg4 49. Rxg4 d2 50. Rg6+ Kh5 51. Rd6 Rc1 52. Kg2 Nc2 53.
b4 Rxg1+ 54. Kxg1 Nd4 55. Ra6 d1=Q+ 56. Kg2 Qg4+ 57. Kf1 Qe2+ 58. Kg2 Qxa6 59.
Kg1 Kg4 60. Kg2 Qe2 61. Kg1 Kf3 {#R} 0-1

[Event "Sumr Classic (Open)"]
[Site "Boise, ID"]
[Date "2010.06.26"]
[Round "2.2"]
[White "Ong, Chong-Jin"]
[Black "Ungureanu, Razvan"]
[Result "1/2-1/2"]
[WhiteElo "1658"]
[BlackElo "1700"]

1. e4 c5 2. Nc3 Nc6 3. f4 g6 4. Nf3 Bg7 5. Bb5 e6 6. Bxc6 bxc6 7. e5 d5 8.
exd6 Qxd6 9. d3 Nf6 10. O-O Nd5 11. Ne4 Qe7 12. Rb1 O-O 13. Qe1 f5 14. Nc3 Rb8
15. Bd2 Re8 16. Ne5 Qd6 17. b3 Nf6 18. Na4 Nd7 19. Bc3 Nxe5 20. fxe5 Qd5 21.
Qe3 Bf8 22. Bb2 Rd8 23. Rf3 c4 24. dxc4 Qd7 25. Qe2 Qe7 26. Rd1 Bb7 27. Rfd3
c5 28. Nc3 a6 29. Bc1 g5 30. Qh5 f4 31. Qg4 Rxd3 32. Rxd3 Kh8 33. Qd1 Bc6 34.
Qe2 Rd8 35. Ne4 Rxd3 36. Qxd3 Bxe4 37. Qxe4 Qd8 38. Qd3 Qc7 39. Qe4 Kg7 40. h4
h6 41. Kf2 Qd7 42. Qd3 Qc7 43. Qe4 Qd7 44. Qd3 {#d} 1/2-1/2

[Event "Sumr Classic (Open)"]
[Site "Boise, ID"]
[Date "2010.06.26"]
[Round "3.4"]
[White "Ong, Chong-Jin"]
[Black "Douglas, Kurt P"]
[Result "1/2-1/2"]
[WhiteElo "1658"]
[BlackElo "1691"]

1. e4 c5 2. Nc3 Nc6 3. f4 d6 4. Nf3 g6 5. Bb5 Bd7 6. Bc4 e6 7. O-O Bg7 8. d3
Nge7 9. Qe1 Na5 10. Bb3 Nxb3 11. axb3 a6 12. Bd2 O-O 13. f5 exf5 14. Qh4 Nc6
15. Bg5 f6 16. Bd2 g5 17. Qe1 f4 18. Nd5 Be6 19. Nc3 f5 20. exf5 Bxf5 21. Rb1
Re8 22. Qd1 Nd4 23. Kh1 Re6 24. Nxd4 Bxd4 25. Qh5 Bg7 26. Bxf4 h6 27. Bxg5 Bg6
28. Qxg6 Rxg6 29. Bxd8 Rxd8 30. Rbe1 d5 31. Rf5 Rgd6 32. g3 c4 33. bxc4 dxc4
34. dxc4 Bxc3 35. bxc3 Rd1 36. Rff1 R1d2 37. Re7 Rxc2 38. Rxb7 Rdd2 39. Re1
Rxh2+ {#d} 1/2-1/2

[Event "Sumr Classic (Open)"]
[Site "Boise, ID"]
[Date "2010.06.27"]
[Round "5.4"]
[White "McGarvey, James H"]
[Black "Ong, Chong-Jin"]
[Result "0-1"]
[WhiteElo "1673"]
[BlackElo "1658"]

1. d4 Nf6 2. c4 c5 3. d5 b5 4. cxb5 a6 5. bxa6 g6 6. Nc3 Bxa6 7. e4 Bxf1 8.
Kxf1 d6 9. Be3 Bg7 10. f3 O-O 11. Nge2 Nbd7 12. Rc1 Qb6 13. Qc2 Rfb8 14. b3
Ne8 15. g3 Nc7 16. Kg2 Qb7 17. Rhd1 Nb5 18. Nxb5 Qxb5 19. Rd2 Ra5 20. Nc3 Qb4
21. Na4 Nb6 22. Nxb6 Qxb6 23. Qc4 Ra3 24. Rdc2 Rba8 25. b4 Rxe3 26. bxc5 dxc5
27. Qxc5 Qxc5 28. Rxc5 Rxa2+ 29. Kh3 h5 {#R} 0-1

[Event "WIO (Open)"]
[Site "Boise, ID"]
[Date "2011.12.10"]
[Round "1.7"]
[White "Ong, Chong-Jin"]
[Black "Pemsler, Carmen"]
[Result "1/2-1/2"]
[WhiteElo "1695"]
[BlackElo "1320"]

1. e4 c6 2. d4 d5 3. exd5 cxd5 4. Bd3 Nc6 5. c3 Nf6 6. Bf4 Bg4 7. Qb3 b6 8.
Nd2 e6 9. Ngf3 Bd6 10. Bxd6 Qxd6 11. O-O O-O 12. Rfe1 Bxf3 13. Nxf3 Qc7 14. h3
Rfe8 15. Ne5 a6 16. Qd1 Nd7 17. Bxh7+ Kf8 18. Nxd7+ Qxd7 19. Bc2 g6 20. f4 f5
21. Re3 Qg7 22. Qf3 Re7 23. Rae1 Rae8 24. Qf1 b5 25. a4 Na7 26. axb5 axb5 27.
b4 Qf7 28. Bd3 Rb7 29. Qe2 Rb6 30. Qd2 Nc6 31. Qe2 Na7 32. Qf2 Qf6 {#d}
1/2-1/2

[Event "WIO (Open)"]
[Site "Boise, ID"]
[Date "2011.12.10"]
[Round "2.5"]
[White "Hamilton, Brett B"]
[Black "Ong, Chong-Jin"]
[Result "0-1"]
[WhiteElo "1904"]
[BlackElo "1695"]

1. d4 Nf6 2. c4 c5 3. d5 b5 4. cxb5 a6 5. Nc3 axb5 6. Bg5 b4 7. Bxf6 gxf6 8.
Ne4 d6 9. e3 Qa5 10. Nd2 Bg7 11. a4 O-O 12. Nc4 Qc7 13. Bd3 Nd7 14. Qh5 h6 15.
Bf5 Nb6 16. Nxb6 Qxb6 17. Nf3 Bxf5 18. Qxf5 Qa6 19. Qc2 Rfc8 20. b3 c4 21. O-O
cxb3 22. Qxb3 f5 23. Rac1 Rxc1 24. Rxc1 Qxa4 25. Qxa4 Rxa4 26. Nd4 Bxd4 27.
exd4 b3 {#R} 0-1

[Event "WIO (Open)"]
[Site "Boise, ID"]
[Date "2011.12.10"]
[Round "3.1"]
[White "Ong, Chong-Jin"]
[Black "Merwin, Steven E"]
[Result "1/2-1/2"]
[WhiteElo "1695"]
[BlackElo "2025"]

1. e4 d5 2. exd5 Nf6 3. d4 Bg4 4. Be2 Bxe2 5. Qxe2 Qxd5 6. Nf3 e6 7. O-O Nc6
8. c3 Bd6 9. Be3 O-O-O 10. Nbd2 Qh5 11. h3 Rhg8 12. Rfe1 h6 13. Nc4 Qf5 14.
Nxd6+ Rxd6 15. Rad1 g5 16. Nh2 h5 17. Qf3 Qg6 18. g4 hxg4 19. hxg4 Rgd8 20.
Bc1 Rh8 21. b4 Qh6 22. Qg2 Nd5 23. b5 Nce7 24. c4 Nc3 25. Rd3 Nxa2 26. Ba3 Rd7
27. Bxe7 Rxe7 28. Ra3 Nb4 29. Rxa7 c6 30. Qg3 Nc2 31. Rd1 Qh3 32. Qd6 Qxh2+
{By this point, both players had stopped recording. Several moves were made in
intense time trouble. In the final position, Black had 3 seconds, and White
under 2 minutes. Final position: White: Rb2 b6 c4 f2 Kf3; Black: b7 Kc6 c5 Ne6
f5 g5, and it was Black's move. - Jeff Roland, T.D.} {#d} 1/2-1/2

[Event "WIO (Open)"]
[Site "Boise, ID"]
[Date "2011.12.11"]
[Round "5.2"]
[White "Stark, Jim"]
[Black "Ong, Chong-Jin"]
[Result "1/2-1/2"]
[WhiteElo "1641"]
[BlackElo "1695"]

1. d4 Nf6 2. c4 c5 3. d5 b5 4. cxb5 a6 5. bxa6 g6 6. Nc3 Bxa6 7. Nf3 d6 8. g3
Bg7 9. Bg2 O-O 10. O-O Nbd7 11. Re1 Qc7 12. e4 Rfb8 13. Qc2 Qa5 14. Bd2 Qc7
15. Rab1 Ne8 16. a3 Nb6 17. b3 Nd7 18. a4 Rb7 19. Bf1 Bxf1 20. Rxf1 Qc8 21.
Nb5 Nc7 22. Nxc7 Qxc7 23. Bc3 Bxc3 24. Qxc3 Rb4 25. Nd2 Qb6 26. Nc4 Qb8 27. f4
Raxa4 28. bxa4 Rxb1 29. Qc2 Rxf1+ 30. Kxf1 Qa8 31. a5 Qa6 32. Kf2 Qa8 33. Qb3
Nb8 34. Qb5 Na6 35. Qc6 Qa7 36. Ke2 Nb4 37. Qb6 Qa8 38. Kd2 Qc8 39. Kc3 f5 40.
Ne3 fxe4 41. Kc4 Kf8 42. g4 {#d} 1/2-1/2

[Event "ICA Sumr Classic (Open)"]
[Site "Boise, ID"]
[Date "2012.07.14"]
[Round "1.3"]
[White "Edvalson, Paul"]
[Black "Ong, Chong-Jin"]
[Result "0-1"]
[WhiteElo "1624"]
[BlackElo "1721"]

1. b3 g6 2. Bb2 Nf6 3. e4 d6 4. Nc3 Bg7 5. d4 O-O 6. Qd2 c5 7. d5 Nxe4 8. Qe3
Qa5 9. Nge2 Nxc3 10. Nxc3 Nd7 11. Be2 Nf6 12. O-O Nxd5 13. Nxd5 Bxb2 14. Nxe7+
Kh8 15. Rab1 Bg7 16. Nxc8 Raxc8 17. a4 d5 18. Bf3 Rcd8 19. Rbd1 d4 20. Qe4 b6
21. Qd3 Qc3 22. Qxc3 dxc3 23. g3 Rd2 24. Be4 Rfd8 25. Bd3 Kg8 26. Kg2 a6 27.
Kf3 b5 28. axb5 axb5 29. Rxd2 cxd2 30. Ke2 Bc3 31. Bxb5 Rd6 32. Kd1 Re6 33.
Be2 Re7 34. f4 Ra7 35. Bf3 Ra1+ 36. Ke2 Re1+ {#R} 0-1

[Event "ICA Sumr Classic (Open)"]
[Site "Boise, ID"]
[Date "2012.07.14"]
[Round "2.1"]
[White "Ong, Chong-Jin"]
[Black "Olsoy, Peter John"]
[Result "1-0"]
[WhiteElo "1721"]
[BlackElo "1698"]

1. e4 c5 2. Nc3 Nc6 3. f4 d6 4. Nf3 g6 5. Bb5 Bd7 6. d3 Bg7 7. O-O a6 8. Bc4
Nf6 9. Qe1 O-O 10. Qh4 Qc7 11. f5 gxf5 12. Bh6 Bxh6 13. Qxh6 Ng4 14. Qh4 Kg7
15. Nd5 Qd8 16. Qg5+ Kh8 17. Qh5 Kg7 18. h3 e6 19. hxg4 exd5 20. Bxd5 f6 21.
gxf5 Qe7 22. Kf2 Rh8 23. Rh1 Be8 24. Qh6# 1-0

[Event "ICA Sumr Classic (Open)"]
[Site "Boise, ID"]
[Date "2012.07.14"]
[Round "3.1"]
[White "Morrell, Tom A"]
[Black "Ong, Chong-Jin"]
[Result "1/2-1/2"]
[WhiteElo "1696"]
[BlackElo "1721"]

1. d4 Nf6 2. g3 c5 3. d5 d6 4. Bg2 g6 5. e4 Nbd7 6. Nc3 Bg7 7. Nge2 O-O 8. Bg5
a6 9. a4 b6 10. h4 Bb7 11. O-O c4 12. Qd2 Nc5 13. Bh6 e6 14. Bxg7 Kxg7 15. Qd4
e5 16. Qxc4 Rc8 17. Qa2 Qe7 18. b4 Ncd7 19. Nd1 a5 20. c3 Ba6 21. Re1 Bc4 22.
Qd2 Ng8 23. Ne3 Nh6 24. Nxc4 Rxc4 25. Nc1 Rfc8 26. Na2 f5 27. Bf1 R4c7 28. Ba6
Rf8 29. exf5 Nxf5 30. Bd3 Qf7 31. Be4 Ne7 32. Rad1 Nf6 33. Bg2 Rc4 34. Qe2
Rfc8 35. Bh3 R8c7 36. Be6 Qe8 37. Qb2 Qxa4 38. Rc1 Qb5 39. Rxe5 dxe5 40. d6
Ra7 41. Bxc4 Qxc4 42. dxe7 Rxe7 43. bxa5 bxa5 44. Qa3 Re6 45. Re1 e4 46. Nc1
Re5 47. Qb3 Qxb3 48. Nxb3 a4 49. Nd2 Kf7 50. Ra1 Ra5 51. Nc4 Ra6 52. Nb2 a3
53. Nc4 a2 54. Nd2 Ke6 55. Kf1 Kd5 56. Ke1 Nd7 57. Kd1 Nc5 58. Kc2 Ke6 59. Nb3
Kd5 60. Nxc5 Kxc5 61. Kb3 Kb5 62. g4 h6 63. h5 g5 64. Rxa2 Rxa2 65. Kxa2 Kc4
66. Kb2 Kd3 67. Kb3 Ke2 68. c4 Kxf2 69. c5 e3 70. c6 e2 71. c7 e1=Q 72. c8=Q
Qb1+ 73. Ka4 Qa2+ 74. Kb5 Qb3+ 75. Ka5 Qa3+ 76. Kb5 {#d} 1/2-1/2

[Event "TVCC"]
[Site "Boise, ID"]
[Date "2013.06.08"]
[Round "1.4"]
[White "Ong, Chong-Jin"]
[Black "Blake, Isaac"]
[Result "1-0"]
[WhiteElo "1592"]
[BlackElo "1000"]
[EventRounds "4"]
[EventCountry "USA"]

1. e4 c6 2. d4 d5 3. exd5 cxd5 4. Bd3 Nf6 5. Bf4 Nbd7 6. c3 e6 7. Nf3 Be7 8.
Nbd2 O-O 9. Ne5 Bd6 10. Ndf3 Qc7 11. Qc2 g6 12. Bh6 Bxe5 13. Bxf8 Kxf8 14.
Nxe5 Nxe5 15. dxe5 Qxe5+ 16. Qe2 Qxe2+ 17. Kxe2 e5 18. f3 Bd7 19. Kd2 b5 20.
Rae1 Re8 21. h3 h5 22. Re2 g5 23. Rhe1 g4 24. hxg4 hxg4 25. Rxe5 gxf3 26. gxf3
Rxe5 27. Rxe5 a5 28. Ke3 Bg4 29. fxg4 Nxg4+ 30. Kd4 Nxe5 31. Kxe5 Ke7 32. Bxb5
f6+ 33. Kxd5 f5 34. Ke5 Kd8 35. b4 axb4 36. cxb4 Kc7 37. a4 Kb6 38. Kxf5 Kb7
39. a5 Ka7 40. Ke5 Kb7 41. Kd6 Ka7 42. Kc7 Ka8 43. Bc4 Ka7 44. b5 Ka8 45. Kc8
Ka7 46. b6+ Ka8 47. Bd5# 1-0

[Event "TVCC"]
[Site "Boise, ID"]
[Date "2013.06.08"]
[Round "2.1"]
[White "Douglas, Kurt P"]
[Black "Ong, Chong-Jin"]
[Result "1-0"]
[WhiteElo "1705"]
[BlackElo "1592"]
[EventRounds "4"]
[EventCountry "USA"]

1. e4 c6 2. d4 d5 3. Nc3 dxe4 4. Nxe4 Bf5 5. Ng3 Bg6 6. h4 h6 7. h5 Bh7 8. Nf3
Nd7 9. Bd3 Bxd3 10. Qxd3 e6 11. Bf4 Bb4+ 12. c3 Be7 13. O-O-O Ngf6 14. Kb1 Nd5
15. Bd2 Qc7 16. Ne2 Bd6 17. g3 O-O-O 18. c4 N5f6 19. Nc3 e5 20. d5 Nc5 21.
Qf5+ Qd7 22. Qxd7+ Nfxd7 23. dxc6 bxc6 24. Be3 Bc7 25. b4 Na6 26. a3 Kb7 27.
c5 Nf6 28. Kc2 Nb8 29. Nd2 Nd5 30. Nc4 Rhf8 31. Ne4 Rd7 32. Bc1 Rfd8 33. Bb2
f6 34. Ned6+ Bxd6 35. Nxd6+ Kc7 36. Rh4 Rxd6 37. cxd6+ Rxd6 38. Rg4 Rd7 39.
Rc4 a6 40. a4 Nb6 41. Rxd7+ N8xd7 42. Rg4 Nxa4 43. Rxg7 Kd6 44. Rh7 Ke6 45.
Rxh6 Kf5 46. Rh7 Ndb6 47. Ra7 Nd5 48. h6 Nxb4+ 49. Kb3 Nxb2 50. Kxb4 Nd3+ 51.
Kc3 Nxf2 52. h7 Ne4+ 53. Kc2 Nxg3 54. h8=Q Kf4 55. Qh4+ Kf3 56. Qh3 f5 57.
Rxa6 f4 58. Ra3+ Ke4 59. Qh7+ Kd4 60. Qd3+ Kc5 61. Rc3+ Kb6 62. Qc4 Nf5 63.
Rb3+ Kc7 64. Qf7+ Kd6 65. Qxf5 Kd5 66. Rd3+ Kc5 67. Qxe5+ Kb6 68. Qb2+ Kc7 69.
Rh3 Kd6 70. Rh6+ { 60 pictures were taken focused on just the board and clock
of this game to capture the moves and times in this game's critical time
scramble. So the record is completely accurate. At this point on move 70,
Black had one second, to White's nine seconds, when Black played 70...Ke5,
which was an illegal move. The penalty for an illegal move is to give two
minutes to the opponent, which in this case would give White two minutes and
nine seconds, effectively ending the game. Plus Black's time ran out here
anyway, even if not for the illegal move.--Roland} {#r} 1-0

[Event "TVCC"]
[Site "Boise, ID"]
[Date "2013.06.08"]
[Round "3.2"]
[White "Ong, Chong-Jin"]
[Black "Kircher, Caleb"]
[Result "0-1"]
[WhiteElo "1592"]
[BlackElo "1591"]
[EventRounds "4"]
[EventCountry "USA"]

1. e4 d5 2. exd5 Nf6 3. d4 Nxd5 4. Nf3 Bg4 5. Be2 e6 6. h3 Bxf3 7. Bxf3 Nc6 8.
c3 Be7 9. O-O O-O 10. Be2 Bf6 11. Nd2 Qe7 12. Nf3 Rad8 13. Qc2 e5 14. dxe5
Nxe5 15. Nxe5 Bxe5 16. Bf3 c6 17. Rb1 Qf6 18. a3 Rfe8 19. Bxd5 Rxd5 20. Be3
Bb8 21. Bd4 Qd6 22. g3 Qd7 23. Kg2 c5 24. Be3 Rd8 25. c4 Rd3 26. Bxc5 Qc6+ 27.
Kh2 Qxc5 28. Rbe1 Qd4 29. Qe2 g6 30. Rc1 Rd2 31. Qf3 b6 32. b3 Qb2 33. b4 R2d3
34. Qe4 Qxa3 35. c5 Rxg3 36. Kh1 Rxh3+ 37. Kg2 Rh2+ 38. Kg1 Qh3 39. Rcd1 Rf8
40. c6 Qh5 41. Rd5 Rh4 42. Rxh5 Rxe4 43. Rd5 Rxb4 44. Rc1 Bc7 45. Rd7 Rc8 46.
Re1 Rf4 47. Ree7 Bb8 48. Rb7 Bd6 49. Red7 Rxc6 50. Rxa7 Bc5 51. Ra2 Rcf6 52.
Rdd2 Rxf2 {#R} 0-1

[Event "ICA Summer Classic (Open)"]
[Site "Boise, ID"]
[Date "2013.08.17"]
[Round "1.7"]
[White "Edvalson, Paul"]
[Black "Ong, Chong-Jin"]
[Result "0-1"]
[WhiteElo "1556"]
[BlackElo "1747"]
[EventRounds "5"]
[EventCountry "USA"]

1. d4 Nf6 2. c4 c5 3. d5 b5 4. cxb5 a6 5. b6 g6 6. Nc3 d6 7. e4 Nbd7 8. Be2
Bg7 9. Nf3 O-O 10. h3 Nxb6 11. a4 a5 12. O-O Ba6 13. Bxa6 Rxa6 14. e5 dxe5 15.
Nxe5 Nfxd5 16. Nc6 Qd7 17. Nxd5 Nxd5 18. Qxd5 Qxc6 19. Rd1 Rb8 20. Qd8+ Rxd8
21. Rxd8+ Bf8 22. Bh6 Ra8 {#R} 0-1

[Event "ICA Summer Classic (Open)"]
[Site "Boise, ID"]
[Date "2013.08.17"]
[Round "2.4"]
[White "Ong, Chong-Jin"]
[Black "Gordon, David"]
[Result "1-0"]
[WhiteElo "1747"]
[BlackElo "1150"]
[EventRounds "5"]
[EventCountry "USA"]

1. e4 c5 2. Nc3 d6 3. f4 Nc6 4. Nf3 g6 5. Bb5 Bd7 6. Bc4 e6 7. d3 Bg7 8. O-O
Nge7 9. Qe1 O-O 10. Qh4 Nd4 11. Bb3 Nec6 12. Qf2 a6 13. Ne2 Nxb3 14. axb3 b5
15. c3 Na5 16. Be3 Nxb3 17. Rad1 a5 18. Nc1 Nxc1 19. Rxc1 Qe7 20. e5 Rfc8 21.
Qg3 d5 22. h3 Ra6 23. Qe1 a4 24. Ra1 Rca8 25. Qc1 Bf8 26. Nh2 b4 27. Ng4 Bg7
28. Nf6+ Bxf6 29. exf6 Qxf6 30. Bxc5 bxc3 31. bxc3 Bb5 32. Rf3 Rc8 33. Qa3 Be8
34. Bd4 Qd8 35. Qc1 Qe7 36. Re3 Qf8 37. Qe1 a3 38. Qh4 e5 39. Rxe5 a2 40. Re2
Bb5 41. Rexa2 Rxa2 42. Qf6 {#r} 1-0

[Event "ICA Summer Classic (Open)"]
[Site "Boise, ID"]
[Date "2013.08.17"]
[Round "3.2"]
[White "Kircher, Caleb Paul"]
[Black "Ong, Chong-Jin"]
[Result "1-0"]
[WhiteElo "1823"]
[BlackElo "1747"]
[EventRounds "5"]
[EventCountry "USA"]

1. e4 c6 2. d4 d5 3. exd5 cxd5 4. c4 Nf6 5. Nc3 Nc6 6. Nf3 Bg4 7. cxd5 Nxd5 8.
Be2 e6 9. O-O Be7 10. h3 Bxf3 11. Bxf3 O-O 12. a3 a6 13. Qd3 Bf6 14. Nxd5 exd5
15. Be3 g6 16. Rfd1 Ne7 17. Qb3 Qd7 18. Rac1 Rac8 19. Rc5 Rxc5 20. dxc5 Rd8
21. Qb6 Bg7 22. Bg5 Rc8 23. Qd6 Qxd6 24. cxd6 Nc6 25. Bxd5 Nd8 26. d7 Ra8 27.
Re1 Ne6 28. Bxe6 fxe6 29. Rc1 {#r} 1-0